[Event "DEM U10 2016"]
[Site "Willingen GER"]
[Date "2016.05.15"]
[Round "1"]
[White "Klonov, Jakov"]
[Black "Wagner, Leopold Franziskus"]
[Result "0-1"]
[Termination "normal"]
[Board "1"]
[WhiteElo "1333"]
[BlackElo "1844"]
[WhiteClock "00:20:44"]
[BlackClock "00:55:55"]
[PlyCount "106"]
[WhiteFideId "16211928"]
[BlackFideId "1641581"]
[EventCountry "GER"]
[EventRounds "11"]
[EventType "swiss"]
[EventDate "2016.05.14"]

1. e4 e5 2. Nf3 Nc6 3. Bc4 Be7 4. d4 exd4 5. Nxd4 d6 6. Nc3 Nf6 7. O-O O-O 8.
Bg5 h6 9. Bxf6 Bxf6 10. Nce2 Qe7 11. Bd5 Nxd4 12. Nxd4 c6 13. Bb3 Qxe4 14. c3
Bxd4 15. cxd4 Qg4 16. Qd3 Bf5 17. Qd2 d5 18. Rae1 Rae8 19. Re3 Rxe3 20. Qxe3
Qe4 21. Re1 Re8 22. Bd1 Qxe3 23. Rxe3 Rxe3 24. fxe3 Be4 25. Bg4 f5 26. Bh5 Kf8
27. Kf2 b6 28. g4 Ke7 29. Kg3 fxg4 30. Bxg4 c5 31. dxc5 bxc5 32. Kf2 Kf6 33.
Ke2 Kg5 34. Bd7 Kf6 35. a3 Ke5 36. Bc8 a5 37. Bh3 d4 38. exd4+ Kxd4 39. Kd2 c4
40. Bg4 g6 41. Bh3 h5 42. Be6 g5 43. h3 Bf3 44. Bf7 h4 45. Bg6 Be4 46. Bh5 Bf5
47. Bg4 Bxg4 48. hxg4 h3 49. Ke2 h2 50. Kf2 h1=Q 51. Ke2 Qg2+ 52. Kd1 Kd3 53.
Ke1 Qg1# 0-1

[Event "DEM U10 2016"]
[Site "Willingen GER"]
[Date "2016.05.15"]
[Round "1"]
[White "Hommer, Jeremy"]
[Black "May, Ben-Iven"]
[Result "1-0"]
[Termination "normal"]
[Board "2"]
[WhiteElo "1741"]
[BlackElo "1330"]
[WhiteClock "00:07:44"]
[BlackClock "01:00:19"]
[PlyCount "121"]
[WhiteFideId "12992577"]
[BlackFideId "16229673"]
[EventCountry "GER"]
[EventRounds "11"]
[EventType "swiss"]
[EventDate "2016.05.14"]

1. g3 e5 2. Bg2 d5 3. c4 Nf6 4. cxd5 Nxd5 5. Nc3 c6 6. Nf3 f6 7. O-O Be7 8. d4
Nxc3 9. bxc3 e4 10. Ne1 f5 11. f3 Qd5 12. fxe4 fxe4 13. Qc2 Bf5 14. Rf4 Bg5 15.
Bxe4 Bxf4 16. Bxf5 Bd6 17. Nf3 O-O 18. Bxh7+ Kh8 19. Nh4 Rf1+ 20. Kxf1 Qh1+ 21.
Kf2 Qxh2+ 22. Ng2 Qxh7 23. Qxh7+ Kxh7 24. Bf4 Ba3 25. Rb1 b5 26. e4 Nd7 27. Re1
Bb2 28. Re3 Nf6 29. Ke2 Re8 30. Kd3 Ng4 31. Re2 Ba3 32. Ne3 Nf6 33. Nf5 a5 34.
Nd6 Re6 35. Nf7 Kg8 36. Ne5 b4 37. cxb4 Bxb4 38. Rc2 Re8 39. Rxc6 Rf8 40. Nc4
Ng4 41. Rg6 Nf2+ 42. Ke3 Nd1+ 43. Kf3 Nc3 44. a3 Be7 45. Nd6 Bxd6 46. Rxd6 Nb5
47. Rd5 Nxa3 48. Rxa5 Nc2 49. Rd5 Nb4 50. Rf5 Rd8 51. Be5 Nc2 52. d5 Ne1+ 53.
Ke2 Nc2 54. Rg5 Rd7 55. Rg6 Nb4 56. Bc3 Nxd5 57. exd5 Rxd5 58. Rxg7+ Kf8 59.
Ra7 Rg5 60. Kf3 Rc5 61. Bb4 1-0

[Event "DEM U10 2016"]
[Site "Willingen GER"]
[Date "2016.05.15"]
[Round "1"]
[White "Schlie, Johann"]
[Black "Fuchs, Florian"]
[Result "0-1"]
[Termination "normal"]
[Board "3"]
[WhiteElo "1244"]
[BlackElo "1724"]
[WhiteClock "00:10:14"]
[BlackClock "00:35:47"]
[PlyCount "118"]
[WhiteFideId "16211596"]
[BlackFideId "16213351"]
[EventCountry "GER"]
[EventRounds "11"]
[EventType "swiss"]
[EventDate "2016.05.14"]

1. e4 c5 2. d3 Nc6 3. Be3 d6 4. Qd2 Nf6 5. Nc3 e6 6. Nge2 Be7 7. f4 Bd7 8. g3
a6 9. Bg2 Rb8 10. O-O b5 11. Nd1 h5 12. Rf3 h4 13. gxh4 Rxh4 14. Rg3 g6 15. Nf2
Nh5 16. Rh3 e5 17. Rxh4 Bxh4 18. Nh3 Qf6 19. fxe5 Nxe5 20. Rf1 Qg7 21. Nef4 Ng4
22. Kh1 Qxb2 23. Nxh5 gxh5 24. Ng5 Qe5 25. Bf4 Bxg5 26. Bxe5 Bxd2 27. Bxd6 Rc8
28. h3 Ne3 29. Rg1 Nxg2 30. Rxg2 Bxh3 31. Rxd2 Kd7 32. Be5 Ke6 33. Bf4 Rg8 34.
Kh2 Bg4 35. d4 cxd4 36. Rxd4 Bf3 37. Rd6+ Ke7 38. e5 Rg2+ 39. Kh3 Rxc2 40. Bg5+
Kf8 41. Rxa6 Bd5 42. Rb6 Bc4 43. Bf6 Ke8 44. Rd6 Be6+ 45. Kh4 Rc8 46. Kxh5 Bxa2
47. Rb6 Bc4 48. Kg5 Kd7 49. Rd6+ Kc7 50. Kf4 b4 51. Rd1 b3 52. Rb1 Kc6 53. Ke4
Kb5 54. Kd4 Rc7 55. Rb2 Kb4 56. Bg5 Rd7+ 57. Ke4 Kc3 58. Bc1 Rd1 59. Rxb3+ Bxb3
0-1

[Event "DEM U10 2016"]
[Site "Willingen GER"]
[Date "2016.05.15"]
[Round "1"]
[White "Bui, Bao Anh Le"]
[Black "Lox, Nils Norman"]
[Result "1-0"]
[Termination "normal"]
[Board "4"]
[WhiteElo "1659"]
[BlackElo "1480"]
[WhiteClock "00:38:58"]
[BlackClock "00:05:09"]
[PlyCount "77"]
[WhiteFideId "12970719"]
[BlackFideId "16221389"]
[EventCountry "GER"]
[EventRounds "11"]
[EventType "swiss"]
[EventDate "2016.05.14"]

1. e4 c5 2. Nf3 e6 3. c4 g6 4. Nc3 a6 5. d4 cxd4 6. Qxd4 f6 7. Be3 Nc6 8. Qd2
Bg7 9. Be2 Nge7 10. O-O O-O 11. Qd6 h6 12. Na4 Rb8 13. Bb6 Qe8 14. Bc7 Ra8 15.
Nb6 Ra7 16. Nd4 Nxd4 17. Qxd4 Nc6 18. Qd6 f5 19. Qg3 Bxb2 20. Rab1 Bg7 21. Bb8
Kh7 22. Bxa7 Nxa7 23. Qb8 Nc6 24. Qxc8 Qxc8 25. Nxc8 Rxc8 26. exf5 Nd4 27.
fxg6+ Kxg6 28. Bd3+ Kf7 29. Rxb7 Ke7 30. Rfb1 h5 31. Ra7 h4 32. Rbb7 Rd8 33.
Rxa6 h3 34. c5 Rc8 35. Rd6 Be5 36. Rbxd7+ Kf6 37. Rxd4 hxg2 38. Rg4 Rxc5 39.
Rg6# 1-0

[Event "DEM U10 2016"]
[Site "Willingen GER"]
[Date "2016.05.15"]
[Round "1"]
[White "Neuber, Pascal"]
[Black "Laux, Dominik"]
[Result "0-1"]
[Termination "normal"]
[Board "5"]
[WhiteElo "1309"]
[BlackElo "1529"]
[WhiteClock "00:18:35"]
[BlackClock "00:33:55"]
[PlyCount "104"]
[WhiteFideId "16227611"]
[BlackFideId "12994219"]
[EventCountry "GER"]
[EventRounds "11"]
[EventType "swiss"]
[EventDate "2016.05.14"]

1. e4 d5 2. d4 dxe4 3. Nc3 Nf6 4. f3 exf3 5. Nxf3 Bf5 6. Bc4 e6 7. Bg5 Be7 8.
Ne5 Nbd7 9. Qe2 O-O 10. g4 Nxe5 11. dxe5 Nxg4 12. Bxe7 Qxe7 13. O-O-O Rad8 14.
Rdg1 Qc5 15. Ne4 Qxe5 16. Bd3 Bxe4 17. Rxg4 f5 18. Rh4 Rxd3 19. Rxe4 Qxe4 20.
Qxe4 fxe4 21. cxd3 exd3 22. Kd2 Rf2+ 23. Kxd3 Rxb2 24. Rc1 c6 25. Re1 Kf7 26.
Rf1+ Ke7 27. Rg1 g6 28. h4 Rxa2 29. h5 Kd6 30. hxg6 hxg6 31. Rxg6 b5 32. Kc3 a5
33. Kb3 Rf2 34. Rg1 Rf5 35. Ra1 a4+ 36. Kb4 Rf4+ 37. Kc3 e5 38. Rd1+ Rd4 39.
Rxd4+ exd4+ 40. Kxd4 c5+ 41. Kc3 b4+ 42. Kc4 Kc6 43. Kd3 Kb5 44. Kc2 c4 45. Kb2
c3+ 46. Kc2 Kc4 47. Kb1 Kd3 48. Kc1 c2 49. Kb2 Kd2 50. Ka2 Kd1 51. Kb2 c1=Q+
52. Ka2 b3# 0-1

[Event "DEM U10 2016"]
[Site "Willingen GER"]
[Date "2016.05.15"]
[Round "1"]
[White "Lutz, Adam"]
[Black "Sinnhöfer, Joshua"]
[Result "1-0"]
[Termination "normal"]
[Board "6"]
[WhiteElo "1601"]
[BlackElo "1308"]
[WhiteClock "01:03:27"]
[BlackClock "01:20:25"]
[PlyCount "122"]
[WhiteFideId "16226615"]
[BlackFideId "16201361"]
[EventCountry "GER"]
[EventRounds "11"]
[EventType "swiss"]
[EventDate "2016.05.14"]

1. e4 e5 2. Nf3 Nc6 3. d4 exd4 4. Nxd4 Bc5 5. Nb3 Bb6 6. a4 a6 7. Nc3 Nf6 8.
Bg5 h6 9. Bh4 g5 10. Bg3 d6 11. Bc4 Be6 12. Bd5 Bxd5 13. exd5 Ne7 14. O-O Qd7
15. Qd2 Kd8 16. Rfe1 Nf5 17. Kh1 Ng4 18. Re2 Nxg3+ 19. fxg3 Re8 20. Rae1 Nf2+
21. Rxf2 Rxe1+ 22. Qxe1 Bxf2 23. Qxf2 Ke8 24. h3 f5 25. Nd4 Kf7 26. Nxf5 Kg6
27. g4 Rh8 28. Qd4 Re8 29. Ne4 Re5 30. Qd3 Qxa4 31. Nfxd6 Qa1+ 32. Kh2 cxd6 33.
Nxd6+ Kg7 34. Qd4 Qe1 35. Nc4 Kf6 36. d6 Ke6 37. Qxe5+ Qxe5+ 38. Nxe5 Kxd6 39.
Nd3 Kd5 40. Kg3 a5 41. Kf3 Kd4 42. g3 b5 43. h4 b4 44. Ke2 Ke4 45. hxg5 hxg5
46. Nc5+ Kd5 47. Nb3 a4 48. Nc1 Kc4 49. b3+ axb3 50. cxb3+ Kc3 51. Nd3 Kxb3 52.
Ke3 Kc3 53. Nxb4 Kxb4 54. Ke4 Kc4 55. Kf5 Kd5 56. Kxg5 Ke6 57. Kh6 Kf7 58. g5
Kg8 59. Kg6 Kf8 60. Kh7 Ke7 61. g6 Ke6 1-0

[Event "DEM U10 2016"]
[Site "Willingen GER"]
[Date "2016.05.15"]
[Round "1"]
[White "Prieb, Robert"]
[Black "Theile, Cedric"]
[Result "1-0"]
[Termination "normal"]
[Board "8"]
[WhiteElo "1505"]
[BlackElo "1287"]
[WhiteClock "00:03:57"]
[BlackClock "00:33:17"]
[PlyCount "83"]
[WhiteFideId "16212002"]
[BlackFideId "16283228"]
[EventCountry "GER"]
[EventRounds "11"]
[EventType "swiss"]
[EventDate "2016.05.14"]

1. d4 d5 2. c4 c6 3. Nf3 Nf6 4. Nc3 e6 5. e3 Be7 6. Bd3 Nbd7 7. O-O b6 8. Qc2
Bb7 9. Nd2 Bd6 10. e4 e5 11. dxe5 Nxe5 12. exd5 cxd5 13. f4 Nxd3 14. Qxd3 Bc5+
15. Kh1 O-O 16. cxd5 Nxd5 17. Nb3 Nxc3 18. Qxc3 Qd5 19. Qg3 Ba6 20. Re1 Bb4 21.
Rg1 Rad8 22. Be3 Qe4 23. Rad1 Rfe8 24. Bd4 f6 25. Bxf6 g6 26. Rxd8 Rxd8 27.
Bxd8 Bd6 28. Re1 Qc6 29. Qe3 Kf7 30. Qe6+ Kg7 31. Qf6+ Kh6 32. Re3 Bc8 33. Rd3
Qe4 34. Qd4 Qe8 35. Bg5+ Kh5 36. h3 Qe1+ 37. Kh2 Bc7 38. g4+ Bxg4 39. hxg4+
Kxg4 40. Qd7+ Kh5 41. Qh3+ Qh4 42. Qxh4# 1-0

[Event "DEM U10 2016"]
[Site "Willingen GER"]
[Date "2016.05.15"]
[Round "1"]
[White "Richter, Gerrit"]
[Black "Schubert, Nikita"]
[Result "1/2-1/2"]
[Termination "normal"]
[Board "9"]
[WhiteElo "1561"]
[BlackElo "1652"]
[PlyCount "68"]
[WhiteFideId "12990825"]
[BlackFideId "16212339"]
[EventCountry "GER"]
[EventRounds "11"]
[EventType "swiss"]
[EventDate "2016.05.14"]

1. e4 e5 2. Nf3 Nc6 3. Bb5 a6 4. Ba4 Nf6 5. O-O Be7 6. Re1 b5 7. Bb3 O-O 8. a4
Bb7 9. d3 d6 10. Nbd2 Nd4 11. c3 Nxb3 12. Qxb3 Qd7 13. Nf1 c5 14. Ng3 Rfb8 15.
Qa2 Bc6 16. a5 b4 17. c4 b3 18. Qb1 Bd8 19. Ra3 Ba4 20. Bg5 Bxa5 21. Rd1 Bb4
22. Ra1 Ne8 23. Rf1 Nc7 24. Nf5 f6 25. Be3 Rb6 26. Bd2 Ne6 27. Bxb4 Rxb4 28.
Nd2 Nd4 29. Nxd4 cxd4 30. Ra3 Rab8 31. Qd1 Qc8 32. Kh1 Qe6 33. Kg1 f5 34. f3 f4
1/2-1/2

[Event "DEM U10 2016"]
[Site "Willingen GER"]
[Date "2016.05.15"]
[Round "1"]
[White "Metzdorf, Matteo"]
[Black "Laube, Jannis"]
[Result "1-0"]
[Termination "normal"]
[Board "10"]
[WhiteElo "1211"]
[BlackElo "1495"]
[PlyCount "103"]
[WhiteFideId "16209869"]
[BlackFideId "16205995"]
[EventCountry "GER"]
[EventRounds "11"]
[EventType "swiss"]
[EventDate "2016.05.14"]

1. e4 e5 2. Nf3 Nc6 3. Bb5 Nf6 4. d3 Bb4+ 5. c3 Bc5 6. Bxc6 dxc6 7. Nxe5 Qe7 8.
Nf3 Ng4 9. O-O Nf6 10. d4 Bb6 11. Bg5 h6 12. Bh4 g5 13. Bg3 Bg4 14. Nbd2 O-O-O
15. e5 Nh5 16. Ne4 Nxg3 17. fxg3 Rde8 18. Nf6 Bxf3 19. Qxf3 Rd8 20. Rae1 c5 21.
d5 a6 22. c4 Ba5 23. Re2 b5 24. Qa3 Bb4 25. Qxa6+ Kb8 26. Qxb5+ Kc8 27. a3 c6
28. Qxc6+ Qc7 29. Qxc7+ Kxc7 30. axb4 cxb4 31. Ne4 Rh7 32. Nd6 Rd7 33. Ref2 h5
34. Rxf7 Rhxf7 35. Rxf7 Rxf7 36. Nxf7 g4 37. c5 Kd7 38. Nh6 Ke7 39. Nf5+ Kd7
40. Nd4 Ke7 41. Nc2 b3 42. Nd4 Kd7 43. Nxb3 Ke7 44. Nd4 Kd7 45. b4 Kc7 46. b5
Kd7 47. b6 Kc8 48. c6 Kd8 49. d6 Kc8 50. Ne6 Kb8 51. d7 Ka8 52. d8=R# 1-0

[Event "DEM U10 2016"]
[Site "Willingen GER"]
[Date "2016.05.15"]
[Round "1"]
[White "Amato, Cristiano"]
[Black "Tham, Nam"]
[Result "0-1"]
[Termination "normal"]
[Board "11"]
[WhiteElo "1187"]
[BlackElo "1575"]
[PlyCount "178"]
[WhiteFideId "12998460"]
[BlackFideId "12997331"]
[EventCountry "GER"]
[EventRounds "11"]
[EventType "swiss"]
[EventDate "2016.05.14"]

1. e4 e5 2. Nf3 Nc6 3. Bc4 Bc5 4. O-O d6 5. c3 Nf6 6. d4 exd4 7. cxd4 Bb4 8. a3
Ba5 9. b4 Bb6 10. Nc3 Bg4 11. d5 Ne5 12. Be2 Bxf3 13. Bxf3 O-O 14. Bg5 h6 15.
Bh4 Ng6 16. Bg3 Re8 17. Re1 Qd7 18. Na4 Ne5 19. Bxe5 Rxe5 20. Nxb6 axb6 21. Qc2
Rae8 22. Re2 Qe7 23. Rae1 Ra8 24. a4 Qd7 25. b5 Qd8 26. g3 Nd7 27. Bg2 Nc5 28.
f4 Re8 29. Ra1 Qf6 30. Ra2 Qd4+ 31. Kf1 Rxa4 32. Rxa4 Qxa4 33. Qxa4 Nxa4 34.
Re3 f6 35. Bh3 Nc5 36. Bg2 Ra8 37. Re2 Nd3 38. Rd2 Ra1+ 39. Ke2 Nc1+ 40. Kf2
Rb1 41. Bf1 Nb3 42. Rc2 Nc5 43. Re2 Rb4 44. Kf3 h5 45. h4 Rb3+ 46. Re3 Rb4 47.
Kf2 Rxe4 48. Rc3 Ra4 49. Kg2 Kf8 50. Be2 g6 51. f5 Kg7 52. fxg6 Kxg6 53. Rc4
Rxc4 54. Bxc4 Ne4 55. Bd3 f5 56. Kf3 Nc3 57. Bc4 Kf6 58. Kf4 Nd1 59. Be2 Nc3
60. Bc4 Kg6 61. Kf3 Ne4 62. Bd3 Nf6 63. Bc4 Ng4 64. Bb3 Ne5+ 65. Kf4 c6 66.
dxc6 bxc6 67. bxc6 Nxc6 68. Bd1 Nd4 69. Ke3 Ne6 70. Bb3 Kf6 71. Bc4 Ke5 72.
Bxe6 Kxe6 73. Kf4 Kf6 74. Ke3 Ke5 75. Kd3 b5 76. Kc3 d5 77. Kb4 d4 78. Kxb5 d3
79. Kc4 d2 80. Kd3 d1=Q+ 81. Kc3 Ke4 82. Kc4 Qd5+ 83. Kc3 Qd4+ 84. Kc2 Qd3+ 85.
Kc1 Qe2 86. Kb1 Kd3 87. Ka1 Kc3 88. Kb1 Qc2+ 89. Ka1 Qb2# 0-1

[Event "DEM U10 2016"]
[Site "Willingen GER"]
[Date "2016.05.15"]
[Round "1"]
[White "Eilenberg, Jonas"]
[Black "Poschadel, Andreas Gregor"]
[Result "1-0"]
[Termination "normal"]
[Board "12"]
[WhiteElo "1494"]
[BlackElo "1222"]
[PlyCount "81"]
[WhiteFideId "16204271"]
[BlackFideId "16204948"]
[EventCountry "GER"]
[EventRounds "11"]
[EventType "swiss"]
[EventDate "2016.05.14"]

1. d4 d5 2. c4 c6 3. cxd5 cxd5 4. Nc3 Nf6 5. Bg5 e6 6. e3 a6 7. Bd3 Nbd7 8. Nf3
Be7 9. O-O Qb6 10. a3 h6 11. Na4 Qd6 12. Bf4 Qc6 13. Rc1 O-O 14. Rxc6 bxc6 15.
Ne5 Nxe5 16. Bxe5 Bd7 17. Bxf6 Bxf6 18. Nb6 Rad8 19. Nxd7 Rxd7 20. Bxa6 Ra8 21.
Be2 Rb7 22. Qc2 Rb6 23. Rd1 Rc8 24. b4 Ra8 25. Rd3 Be7 26. g3 g6 27. Rc3 Rc8
28. b5 Rc7 29. Rxc6 Rbxc6 30. bxc6 Bxa3 31. Bb5 Bd6 32. f3 Kg7 33. e4 dxe4 34.
fxe4 e5 35. d5 Ra7 36. Ba4 Kf8 37. Kf1 Ke7 38. Ke2 Kd8 39. Kd3 Ra5 40. c7+ Bxc7
41. Qc6 1-0

[Event "DEM U10 2016"]
[Site "Willingen GER"]
[Date "2016.05.15"]
[Round "1"]
[White "Langer, Paul Georg"]
[Black "Grunert, Wilhelm"]
[Result "0-1"]
[Termination "normal"]
[Board "13"]
[WhiteElo "1170"]
[BlackElo "1374"]
[PlyCount "60"]
[WhiteFideId "16230051"]
[BlackFideId "12995673"]
[EventCountry "GER"]
[EventRounds "11"]
[EventType "swiss"]
[EventDate "2016.05.14"]

1. e4 c5 2. Nc3 Nc6 3. Bc4 g6 4. d3 Bg7 5. Nge2 Nf6 6. Be3 b6 7. h3 O-O 8. f4
d6 9. Qd2 Bb7 10. Ng3 Nd4 11. Nb5 e5 12. c3 a6 13. Nxd4 exd4 14. cxd4 b5 15.
Bb3 c4 16. dxc4 bxc4 17. Bxc4 Nxe4 18. Nxe4 Bxe4 19. O-O d5 20. Bd3 Qb6 21. Be2
Rab8 22. b3 Rfc8 23. Rac1 Rc6 24. Rxc6 Qxc6 25. Rc1 Qb7 26. Qa5 Rc8 27. Rxc8+
Qxc8 28. Bxa6 Qc2 29. Qd2 Bxd4 30. Qxd4 Qxg2# 0-1

[Event "DEM U10 2016"]
[Site "Willingen GER"]
[Date "2016.05.15"]
[Round "1"]
[White "Farokhi, Keyvan"]
[Black "Amrhein, Dennis"]
[Result "1-0"]
[Termination "normal"]
[Board "14"]
[WhiteElo "1585"]
[BlackElo "1132"]
[PlyCount "83"]
[WhiteFideId "12998630"]
[BlackFideId "16254570"]
[EventCountry "GER"]
[EventRounds "11"]
[EventType "swiss"]
[EventDate "2016.05.14"]

1. e4 d5 2. exd5 Qxd5 3. Nc3 Qa5 4. d4 c6 5. Nf3 Bg4 6. h3 Bh5 7. Be2 Nf6 8.
O-O e6 9. Re1 Be7 10. Bf4 O-O 11. Ne5 Bxe2 12. Qxe2 Bd6 13. Nc4 Qf5 14. Bxd6
Rd8 15. Be5 Nbd7 16. Bh2 Nb6 17. Nxb6 axb6 18. Rad1 Nd5 19. Nxd5 Rxd5 20. c4
Rda5 21. a3 Qg6 22. d5 Re8 23. dxe6 fxe6 24. Qe4 Qf6 25. Be5 Qf7 26. Qf4 Qh5
27. Bc3 Rg5 28. Rd3 Rf8 29. Qe3 Qh4 30. Qxe6+ Kh8 31. Rf3 h6 32. Rxf8+ Kh7 33.
Qg8+ Kg6 34. Re6+ Kh5 35. Qf7+ g6 36. Qf3+ Rg4 37. hxg4+ Qxg4 38. Qxg4+ Kxg4
39. Rxg6+ Kh5 40. Rg3 b5 41. Rf5+ Kh4 42. Bf6# 1-0

[Event "DEM U10 2016"]
[Site "Willingen GER"]
[Date "2016.05.15"]
[Round "1"]
[White "Walter, Alexander"]
[Black "Gluma, Christian"]
[Result "0-1"]
[Termination "normal"]
[Board "15"]
[WhiteElo "1128"]
[BlackElo "1468"]
[PlyCount "68"]
[WhiteFideId "16227620"]
[BlackFideId "16223209"]
[EventCountry "GER"]
[EventRounds "11"]
[EventType "swiss"]
[EventDate "2016.05.14"]

1. e4 e5 2. Nf3 Nc6 3. Bc4 Bc5 4. c3 Nf6 5. d3 O-O 6. O-O h6 7. Nbd2 d6 8. Bb3
Qe7 9. h3 Bd7 10. Re1 Rae8 11. Nf1 Be6 12. Bc2 Bb6 13. Ng3 Rd8 14. d4 Bc8 15.
d5 Nb8 16. Bb3 Nh7 17. Bc2 f6 18. Be3 Bxe3 19. Rxe3 Rf7 20. Re1 Rdf8 21. Qd2
Ng5 22. Nxg5 fxg5 23. Rf1 g6 24. Rad1 h5 25. b3 Rh7 26. f3 g4 27. hxg4 Qh4 28.
Ne2 hxg4 29. Qe3 g3 30. Nxg3 Qxg3 31. Qxa7 Kg7 32. Rf2 b6 33. Qxb8 Qh2+ 34. Kf1
Ba6+ 0-1

[Event "DEM U10 2016"]
[Site "Willingen GER"]
[Date "2016.05.15"]
[Round "1"]
[White "Bungarten, Jona"]
[Black "Frank, Marian"]
[Result "1-0"]
[Termination "normal"]
[Board "16"]
[WhiteElo "1466"]
[BlackElo "1101"]
[PlyCount "103"]
[WhiteFideId "16223608"]
[BlackFideId "16245059"]
[EventCountry "GER"]
[EventRounds "11"]
[EventType "swiss"]
[EventDate "2016.05.14"]

1. e4 e5 2. Nf3 Nc6 3. Bc4 Bc5 4. b4 Bb6 5. b5 Na5 6. Be2 d5 7. Nc3 d4 8. Nd5
c6 9. Nb4 Qd6 10. a3 Nf6 11. bxc6 Nxc6 12. Nxc6 bxc6 13. d3 Ba5+ 14. Nd2 Bc3
15. Rb1 Rb8 16. Rxb8 Qxb8 17. O-O O-O 18. Nc4 Be6 19. Nd2 Qc8 20. Nf3 Qd7 21.
Nxe5 Qd6 22. f4 Nd7 23. Nf3 Rb8 24. f5 Ba2 25. e5 Nxe5 26. Nxe5 Qxe5 27. Bf4
Qe8 28. Bxb8 Qxb8 29. Bf3 c5 30. Qe2 h6 31. Qe7 c4 32. Qb7 Qxb7 33. Bxb7 a5 34.
Bd5 Bb2 35. dxc4 Bxa3 36. Ra1 Bc5 37. Rxa2 d3+ 38. Kf1 dxc2 39. Rxc2 a4 40. Ke2
a3 41. Kd3 Kf8 42. Kc3 Ke7 43. Kb3 f6 44. Ra2 Kd6 45. Rxa3 Bxa3 46. Kxa3 Kc5
47. Kb3 h5 48. h4 Kd6 49. Bf3 Kc5 50. Bxh5 Kc6 51. g4 Kc5 52. g5 1-0

[Event "DEM U10 2016"]
[Site "Willingen GER"]
[Date "2016.05.15"]
[Round "1"]
[White "Feng, Felix"]
[Black "Hagenbeck-Hübert, Ben"]
[Result "0-1"]
[Termination "normal"]
[Board "17"]
[WhiteElo "1100"]
[BlackElo "1428"]
[PlyCount "94"]
[WhiteFideId "16275179"]
[BlackFideId "16230779"]
[EventCountry "GER"]
[EventRounds "11"]
[EventType "swiss"]
[EventDate "2016.05.14"]

1. c4 c5 2. Nc3 Nc6 3. g3 b6 4. Bg2 Bb7 5. a3 e6 6. Rb1 Rb8 7. d3 g6 8. Bf4 Nd4
9. Bxb7 Rxb7 10. Be5 f6 11. Bxd4 cxd4 12. Ne4 f5 13. Nd2 Bg7 14. b4 Rc7 15.
Ngf3 Qe7 16. O-O Qd6 17. Kg2 Ne7 18. Qb3 O-O 19. Rfc1 Rfc8 20. b5 e5 21. c5+
Qd5 22. Qxd5+ Nxd5 23. Ng5 Rxc5 24. Rxc5 Rxc5 25. Nc4 Nc3 26. Rb2 Rxb5 27. Rxb5
Nxb5 28. a4 Nc3 29. a5 bxa5 30. Nxa5 Nxe2 31. Kf3 Nc1 32. h3 h6 33. g4 hxg5 34.
Kg3 Nxd3 35. gxf5 gxf5 36. f3 Nf4 37. h4 gxh4+ 38. Kxh4 d3 39. Nc4 a5 40. Kg3
d5 41. Kf2 dxc4 42. Ke3 c3 43. Kf2 d2 44. Kg3 d1=Q 45. Kh2 Qf1 46. Kg3 Qg2+ 47.
Kh4 Bf6# 0-1

[Event "DEM U10 2016"]
[Site "Willingen GER"]
[Date "2016.05.15"]
[Round "1"]
[White "Toval, David"]
[Black "Lenz, Joshua"]
[Result "1-0"]
[Termination "normal"]
[Board "18"]
[WhiteElo "1516"]
[BlackElo "1086"]
[PlyCount "69"]
[WhiteFideId "12992755"]
[BlackFideId "16256956"]
[EventCountry "GER"]
[EventRounds "11"]
[EventType "swiss"]
[EventDate "2016.05.14"]

1. e4 e6 2. d4 d5 3. Nd2 c5 4. exd5 exd5 5. Ngf3 Nc6 6. dxc5 Bxc5 7. Nb3 Bb6 8.
Be2 Nge7 9. O-O Qd6 10. Bg5 f6 11. Bh4 Be6 12. Bg3 Qd7 13. c3 O-O 14. Re1 Nf5
15. Bb5 Nxg3 16. hxg3 a6 17. Bxc6 bxc6 18. Nbd4 Rae8 19. Qa4 a5 20. Qxc6 Qxc6
21. Nxc6 Bd7 22. Ne7+ Kf7 23. Nxd5 Rxe1+ 24. Rxe1 Rb8 25. Re7+ Kg6 26. Nf4+ Kh6
27. Rxd7 g5 28. Nd5 Kg6 29. Ne7+ Kh6 30. Nf5+ Kh5 31. Nh2 Bxf2+ 32. Kxf2 Rxb2+
33. Kf3 Rxa2 34. g4+ Kg6 35. Rg7# 1-0

[Event "DEM U10 2016"]
[Site "Willingen GER"]
[Date "2016.05.15"]
[Round "1"]
[White "Sallandt, Frido"]
[Black "Kodalle, Dominik"]
[Result "0-1"]
[Termination "normal"]
[Board "19"]
[WhiteElo "1080"]
[BlackElo "1399"]
[PlyCount "65"]
[WhiteFideId "16231767"]
[BlackFideId "16208722"]
[EventCountry "GER"]
[EventRounds "11"]
[EventType "swiss"]
[EventDate "2016.05.14"]

1. e4 c5 2. Nc3 d6 3. Bc4 e6 4. d3 Be7 5. Nf3 a6 6. Be3 b5 7. Bb3 Nd7 8. Qd2
Bf6 9. Rb1 Ne7 10. a3 Nc6 11. Ne2 Nce5 12. Nxe5 Nxe5 13. h3 O-O 14. f4 Nc6 15.
O-O Na5 16. Ba2 Nc6 17. c3 a5 18. Bb3 a4 19. Ba2 Na5 20. b4 axb3 21. Bxb3 Nxb3
22. Rxb3 Bd7 23. c4 bxc4 24. dxc4 Bc6 25. e5 dxe5 26. Qxd8 Rfxd8 27. fxe5 Bxe5
28. Bxc5 Rdc8 29. Nd4 Ba4 30. Nf3 Bxb3 31. Nxe5 Rxc5 32. Nxf7 Bxc4 33. Nd6 0-1

[Event "DEM U10 2016"]
[Site "Willingen GER"]
[Date "2016.05.15"]
[Round "1"]
[White "Werner, Denis"]
[Black "Müller, Linus"]
[Result "1-0"]
[Termination "normal"]
[Board "20"]
[WhiteElo "1397"]
[BlackElo "1077"]
[PlyCount "79"]
[WhiteFideId "16226429"]
[BlackFideId "16245946"]
[EventCountry "GER"]
[EventRounds "11"]
[EventType "swiss"]
[EventDate "2016.05.14"]

1. c4 c5 2. Nc3 Nc6 3. g3 Nf6 4. Bg2 g6 5. Nf3 Bg7 6. d4 cxd4 7. Nxd4 O-O 8.
O-O Nxd4 9. Qxd4 d6 10. Bg5 Ng4 11. Qd2 f6 12. Be3 e5 13. Rad1 Nxe3 14. Qxe3 f5
15. Qd2 Rf6 16. c5 Bf8 17. Nb5 a6 18. Nxd6 Bxd6 19. cxd6 Qd7 20. Qd5+ Re6 21.
Qb3 Kf8 22. Qb6 e4 23. f3 exf3 24. Bxf3 Re5 25. e4 Rb5 26. Qd4 Kf7 27. Be2 Ra5
28. Bc4+ Qe6 29. Bxe6+ Bxe6 30. exf5 gxf5 31. Qb6 Rxa2 32. Qxb7+ Kf6 33. Qxa8
Rxb2 34. Qxa6 Rc2 35. d7 Ke5 36. d8=Q f4 37. Qxe6+ Kxe6 38. Qd6+ Kf5 39. Rxf4+
Kg5 40. Rd5# 1-0

[Event "DEM U10 2016"]
[Site "Willingen GER"]
[Date "2016.05.15"]
[Round "1"]
[White "Rapp, Leonard"]
[Black "Phan Trong, Dai"]
[Result "1/2-1/2"]
[Termination "normal"]
[Board "21"]
[WhiteElo "1504"]
[BlackElo "1376"]
[PlyCount "64"]
[WhiteFideId "16212428"]
[BlackFideId "16236939"]
[EventCountry "GER"]
[EventRounds "11"]
[EventType "swiss"]
[EventDate "2016.05.14"]

1. e4 e5 2. Nf3 Nc6 3. Bc4 Bc5 4. c3 Nf6 5. d3 h6 6. a4 a5 7. Na3 Bb6 8. Nb5 d5
9. exd5 Nxd5 10. Bxd5 Qxd5 11. Be3 Qd8 12. Bxb6 cxb6 13. d4 Qe7 14. O-O O-O 15.
dxe5 Bg4 16. Nbd4 Nxe5 17. Re1 Qf6 18. h3 Nxf3+ 19. Nxf3 Rad8 20. Qe2 Bh5 21.
Qe4 Bg6 22. Qxb7 Bf5 23. Rad1 Rxd1 24. Rxd1 Re8 25. Re1 Rxe1+ 26. Nxe1 Qe6 27.
Nf3 Qb3 28. g4 Be6 29. Nd4 Qxb2 30. Nxe6 fxe6 31. Qc8+ Kh7 32. Qxe6 Qxc3
1/2-1/2

[Event "DEM U10 2016"]
[Site "Willingen GER"]
[Date "2016.05.15"]
[Round "1"]
[White "Huo, Da"]
[Black "Fuhrmann, Bahne"]
[Result "1-0"]
[Termination "normal"]
[Board "22"]
[WhiteElo "1703"]
[BlackElo "1034"]
[PlyCount "67"]
[WhiteFideId "16221206"]
[BlackFideId "16244842"]
[EventCountry "GER"]
[EventRounds "11"]
[EventType "swiss"]
[EventDate "2016.05.14"]

1. e4 e5 2. Nf3 Nc6 3. Bc4 Bc5 4. c3 Nf6 5. d3 a6 6. b4 Ba7 7. Qb3 O-O 8. a4
Ne7 9. Nxe5 d6 10. Nxf7 Rxf7 11. Bxf7+ Kf8 12. Bc4 c6 13. Be6 Qb6 14. Be3 c5
15. Bxc8 Rxc8 16. h3 a5 17. b5 d5 18. e5 Nd7 19. d4 c4 20. Qd1 Qg6 21. O-O b6
22. Na3 Nf5 23. Qf3 Qe6 24. g4 Qg6 25. Qxf5+ Qxf5 26. gxf5 h6 27. Nc2 Ke7 28.
f4 Rf8 29. Ne1 Rxf5 30. Nf3 Rf8 31. Nh4 Ke8 32. f5 Bb8 33. Rf3 g5 34. fxg6 1-0